000 00319 a2200157 4500
001 154497
040 _cEscola São Tomás de Aquino
100 _aLIMA, Beatriz
240 1 0 _aSaber Viver
_lpor
245 1 0 _aSaber Viver
300 _a160
362 0 _a2006
440 1 _aFTD
697 _aRELIGIÃO
942 _cBK
999 _c154497
_d154497